Normal view
MARC view
- النثر الفني- الاندلس
Entry Topical Term
001 - CONTROL NUMBER
- control field: 60685
003 - CONTROL NUMBER IDENTIFIER
- control field: JO-AjAnu
005 - DATE AND TIME OF LATEST TRANSACTION
- control field: 20230606083922.0
008 - FIXED-LENGTH DATA ELEMENTS
- fixed length control field: 230606|| aca||aabn | a|a d
040 ## - CATALOGING SOURCE
- Original cataloging agency: JO-AjAnu
- Transcribing agency: JO-AjAnu
150 ## - HEADING--TOPICAL TERM
- Topical term or geographic name entry element: النثر الفني- الاندلس
670 ## - SOURCE DATA FOUND
- Source citation: Work cat.: (JO-AjAnu)30946: صاحب، أسماء محمد, author 60684, النثر الفني الأندلسي في البلاط الحفصي